000 00491nam a2200169Ia 4500
008 240729s9999 xx 000 0 und d
022 _a2409-4951
245 0 _aUkrainian Journal of Food Science
260 _aUkraine
260 _bNational University of Food Technologies
650 _a Chemical technology
650 _a Food processing and manufacture
650 _aTechnology
856 _uhttps://doaj.org/toc/e5c59f0aab2444b19a02cd13a732505a
942 _2ddc
942 _cDOAJEJ
999 _c67126
_d67126
945 _a1
_bMadushi Gamage
_c1
_dMadushi Gamage